000 00230 a2200097 4500
001 15642
100 _aGeankoplis C H
245 _aTransport Processes and Unit Operation
260 _a
_bAllyn and Bacon
_c
090 _c12209
_d12209
942 _aNUST-CAE
_cM
_c2458
999 _c250715
_d250715